SZA - Anything (All Lyrics) - Statistics

General Stats
  • This quiz has been taken 56 times
  • The average score is 210 of 258
Answer Stats
Answer % Correct
a
100%
do,
96%
Do
96%
Do-Do
96%
Do-do
96%
Do-Do-Do,
96%
Do-Do-Do
96%
I
96%
I,
96%
Even
89%
even
89%
I'm
89%
know
89%
know?
89%
You
89%
you
89%
alive?
85%
hard
81%
harder,
81%
harder
81%
in
81%
kill
81%
little
81%
Maybe
81%
me
81%
my
81%
should
81%
the
81%
be
78%
Down
78%
down
78%
inhibition,
78%
take
78%
anywhere,
74%
anywhere
74%
dimension
74%
for
74%
I'll
74%
new
74%
pray
74%
ride,
74%
ride
74%
smarter
74%
will,
74%
will
74%
hope
70%
ooh
70%
perfect
70%
This
70%
time
70%
work
70%
baby
67%
chasing
67%
have
67%
learned
67%
lesson,
67%
Or
67%
or
67%
promise
67%
to
63%
are
59%
Beep
59%
beep,
59%
coming
59%
could
59%
feel
59%
why
59%
Keeping
56%
looking
56%
up
56%
around,
52%
like
52%
is
48%
steady
48%
heavy,
37%
feeling
26%
honey
26%
lonely?
26%
No matching quizzes found
Score Distribution
Percent of People with Each Score
Percentile by Number Answered
Your Score History
You have not taken this quiz